|
|
|
|
| LEADER |
00860nta a2200205 i 4500 |
| 001 |
dokt191 |
| 005 |
20200207154558.0 |
| 008 |
100513s2004 hu om 0|| eng d |
| 024 |
7 |
|
|a 31146645
|2 mtmt
|
| 040 |
|
|
|a SZTE Doktori Repozitórium
|b hun
|
| 041 |
|
|
|a eng
|
| 100 |
1 |
|
|a Joó Gabriella
|
| 245 |
1 |
4 |
|a The potential role of spinal ketamin in multi-component antinociception
|h [elektronikus dokumentum] /
|c Joó Gabriella
|
| 260 |
|
|
|c 2004
|
| 502 |
|
|
|a Disszertacio
|
| 650 |
|
4 |
|a elméleti orvostudományok
|
| 700 |
1 |
|
|a Benedek György
|e ths
|
| 856 |
4 |
0 |
|u https://doktori.bibl.u-szeged.hu/id/eprint/191/4/2003_joo_gabriella.pdf
|z Dokumentum-elérés
|
| 856 |
4 |
0 |
|u https://doktori.bibl.u-szeged.hu/id/eprint/191/1/tz_eredeti2320.pdf
|z Dokumentum-elérés
|
| 856 |
4 |
0 |
|u https://doktori.bibl.u-szeged.hu/id/eprint/191/5/2003_joo_gabriella_publikaciok.pdf
|z Dokumentum-elérés
|